EU-Länder mit Beitrittsjahr - Statistiken

Allgemein
  • Dieses Quiz wurde 350 mal gespielt
  • Das Durchschnittsergebnis liegt bei 25 aus 28
Antwortstatistiken
Jahr Land % Korrekt
1951/1958 Deutschland
100%
1951/1958 Frankreich
98%
1951/1958 Belgien
97%
1986 Spanien
97%
1951/1958 Italien
96%
1951/1958 Niederlande
96%
1986 Portugal
95%
1995 Schweden
95%
1995 Österreich
94%
2004 Lettland
93%
2004 Estland
92%
1995 Finnland
92%
1951/1958 Luxemburg
92%
2004 Polen
92%
2004 Slowenien
92%
2013 Kroatien
91%
2004 Slowakei
91%
2004 Litauen
90%
2004 Ungarn
90%
1973 Dänemark
89%
1981 Griechenland
89%
1973 Irland
87%
2004 Tschechien
87%
2007 Rumänien
85%
2007 Bulgarien
84%
2004 Malta
79%
2004 Zypern
71%
1973 Großbritannien
65%
Keine übereinstimmenden Quizze gefunden
Verteilung der Resultate
Anzahl Personen mit jedem Resultat
Perzentil nach korrekt beantworteten Fragen
Ihre Resultats-Entwicklung
Sie haben dieses Quiz noch nicht gespielt